000 00923nam a2200241Ia 4500
001 10661
003 GE_BSU
008 181216s||||||||xx |||||||||||||| ||und||
020 _a999282834x
040 _cGE_BSU
080 _a821.353.1.09
100 _aთვარაძე,რევაზ
245 _aქართული ლიტერატურის ისტორია:მოკლედ მოთხრობილი უცხოელთათვის.
245 _bნაკვეთი პირველი
260 _aთბილისი.
260 _bსაქართველოს მაცნე.
260 _c2001.
300 _a276გვ;20სმ.
541 _h3ლ.
653 _aმოკლედ მოთხრობილი უცხოელთათვის.
653 _aქართული ლიტერატურის ისტორია
942 _cBK
999 _c43912
_d43912